Largest cities starting with V in each country - Statistics

General Stats
  • This quiz has been taken 19 times
  • The average score is 19 of 128
Answers on the Map
Answers color-coded by a green-red scale on the quiz's map according to % correct below.
 
Answer Stats
Country Population Answer % Correct
Turkey 525,000 Van
94%
Canada 662,200 Vancouver
94%
Spain 788,800 Valencia
88%
Trinidad & Tobago 12,300 Valencia
88%
Venezuela 2,585,200 Valencia
88%
Austria 2,014,600 Vienna
88%
Lithuania 602,400 Vilnius
88%
Liechtenstein 5,700 Vaduz
81%
Grenada 2,000 Victoria
81%
Guyana 2,900 Victoria
81%
New Zealand 2,300 Victoria
81%
(The) Seychelles 26,500 Victoria
81%
Singapore 1,900 Victoria
81%
Russia 1,013,500 Volgograd
75%
Malta 480,100 Valletta
69%
(The) United States of America 457,700 Virginia Beach
69%
Laos 1,003,000 Vientiane
63%
Italy 248,000 Verona
56%
Bulgaria 332,700 Varna
50%
Mexico 538,000 Veracruz
44%
Andorra 1,400 Vila
38%
India 2,358,400 Visakhapatnam
31%
France 156,900 Villeurbanne
25%
Finland 247,400 Vantaa
19%
Sweden 127,800 Vasteras
19%
Albania 79,500 Vlore
19%
Latvia 32,900 Ventspils
13%
South Africa 474,700 Vereeniging
13%
St. Vincent & the Grenadines 25,100 Vermont
13%
Belgium 55,200 Verviers
13%
Luxembourg 2,200 Vianden
13%
Honduras 166,500 Villanueva
13%
Nicaragua 12,400 Villanueva
13%
Guatemala 618,400 Villa Nueva City
13%
Germany 88,200 Villingen-Schwenningen
13%
Belarus 358,400 Vitebsk
13%
(The) Netherlands 22,700 Volendam
13%
(The) Philippines 715,000 Valenzuela
6%
Denmark 61,700 Vejle
6%
Angola 1,382,900 Viana
6%
Zimbabwe 35,200 Victoria Falls
6%
Brazil 501,300 Vila Velha
6%
Estonia 17,400 Viljandi
6%
Colombia 492,100 Villavicencio
6%
Chile 286,900 Viña del Mar
6%
Vietnam 790,000 Vinh
6%
Ukraine 369,700 Vinnytsia
6%
Greece 85,800 Volos
6%
Namibia 3,500 Vaalgras
0%
Panama 41,000 Vacamonte
0%
Mauritius 115,300 Vacoas-Phoenix
0%
Tajikistan 342,700 Vahdat
0%
Tuvalu 500 Vaiaku
0%
Tonga 200 Vaipoa
0%
Samoa 8,000 Vaitele
0%
Ghana 10,000 Vakpo
0%
Switzerland 500 Valangin
0%
Portugal 14,400 Valbom
0%
Cape Verde 400 Vale da Custa
0%
Serbia 56,100 Valjevo
0%
Belize 2,100 Valley of Peace
0%
Armenia 76,000 Vanadzor
0%
(The) Comoros 4,300 Vanamboini
0%
Azerbaijan 9,500 Vandam
0%
(The) Democratic Republic of the Congo 244,800 Vanga
0%
Georgia 3,200 Vani
0%
Papua New Guinea 11,900 Vanimo
0%
Vanuatu >100 Vanuu
0%
Iran 225,600 Varamin
0%
Croatia 38,800 Varazdin
0%
Cyprus 200 Varosha
0%
Fiji 4,500 Vatukoula
0%
Madagascar 35,800 Vavatenina
0%
Côte d'Ivoire 67,100 Vavoua
0%
Sri Lanka 99,700 Vavuniya
0%
Pakistan 145,500 Vehari
0%
Slovenia 24,300 Velenje
0%
North Macedonia 40,700 Veles
0%
Senegal 45,400 Velingara
0%
Myanmar 7,800 Veng-lek
0%
Ecuador 41,500 Ventanas
0%
Norway 8,800 Verdalsøra
0%
Palestine 400 Vered Yeriho
0%
Uruguay 3,800 Vergara
0%
Antigua & Barbuda 500 Vernon's
0%
Haiti 48,700 Verrettes
0%
Cuba 48,800 Vertientes
0%
Bangladesh 20,000 Ververy
0%
(The) United Kingdom 15,200 Verwood
0%
Iceland 4,600 Vestmannaeyjar
0%
Hungary 56,900 Veszprem
0%
Argentina 269,400 Vicente Lopez Partido
0%
Australia 4,500 Victor Harbor
0%
Benin 23,400 Vidolè
0%
Dominica 700 Vieille Case
0%
St. Lucia 4,600 Vieux Fort
0%
Kenya 95,300 Vihiga
0%
São Tomé & Principe 600 Vila Malanza
0%
Mozambique 24,400 Vilankulo
0%
Peru 16,000 Vilcashuaman
0%
(The) Dominican Republic 169,700 Villa Altagracia
0%
Suriname 30,000 Villa Brazil
0%
Paraguay 75,900 Villa Elisa
0%
Somalia 34,500 Villaggio Duca degli Abruzzi
0%
(The) Maldives 2,800 Villingili
0%
Burkina Faso 20,900 Villy
0%
Jamaica 13,600 Vineyard Town
0%
Bolivia 52,000 Vinto
0%
East Timor 6,900 Viqueque
0%
Kazakhstan 100 Vishnevka
0%
Bosnia & Herzegovina 39,900 Visoko
0%
Uzbekistan 17,800 Vobkent
0%
Togo 1,000 Vogan
0%
Liberia 26,600 Voinjama
0%
Romania 47,400 Voluntari
0%
Turkmenistan 13,200 Vos'moye Marta
0%
(The) Central African Republic 900 Vougba
0%
Kyrgyzstan 20,200 Voyenno-Antonovka
0%
Slovakia 20,700 Vranov nad Topl'ou
0%
Montenegro 22,000 Vrela Ribnicka
0%
Czechia 25,300 Vsetin
0%
Botswana 400 Vukwi
0%
Moldova 12,200 Vulcanesti
0%
(The) Solomon Islands 18,600 Vura
0%
Uganda 24,900 Vurra
0%
Kosovo 27,000 Vushtrri
0%
Eswatini 4,200 Vuvulane
0%
Burundi 29,700 Vyanda
0%
No matching quizzes found
Score Distribution
Percent of People with Each Score
Percentile by Number Answered
Your Score History
You have not taken this quiz